000 00316nam a22001217a 4500
999 _c14009
_d14009
020 _a9789696370185
082 _a330.15
100 _aMuttahir Ahmed Khan
245 _aThe Lighthouse : Selected Essays on Education, Literature and Economy
260 _aKarachi
_bParamount
_c2014
300 _a206 pages
942 _cBK